European Post-War Statespeople - Statistics

General Stats
  • This quiz has been taken 34 times
  • The average score is 9 of 14
Answer Stats
Hint Country Answer % Correct
World War II general, French president and namesake of an airport France Charles de Gaulle
97%
Generalissimo whose death made democracy possible Spain Francisco Franco
97%
"Iron Lady" United Kingdom Margaret Thatcher
94%
Regularly tops Forbes' "Most Powerful Women" lists Germany Angela Merkel
91%
Joined Bush in Iraq United Kingdom Tony Blair
88%
Socialist leader 1945-1980 Yugoslavia Josip Broz Tito
82%
Businessman and AC Milan president known for Bunga Bunga Italy Silvio Berlusconi
71%
Defeated Churchill in parliamentary elections right after World War II United Kingdom Clement Attlee
59%
Solidarność leader Poland Lech Wałęsa
59%
Neostalinist dictator who was executed in 1989 Romania Nicolae Ceaușescu
56%
Proponent of détente (Ostpolitik) and Peace Nobel Prize winner West Germany Willy Brandt
47%
PM and EU commission president Luxembourg Jean-Claude Juncker
38%
Social Democrat PM whose assassination continues to raise questions Sweden Olof Palme
38%
Braided PM who was later imprisoned Ukraine Yulia Tymoshenko
21%
No matching quizzes found
Score Distribution
Percent of People with Each Score
Percentile by Number Answered
Your Score History
You have not taken this quiz